Sága rodu Hardacrů /

Román anglického autora, v němž vypráví barvitý příběh rodiny Hardacrů od viktoriánských dob až do 50. let 20. století.

Hlavní autor: Skelton, C. L. 1919-1979
Další autoři: Macháčková, Marie
Jazyk: Čeština
Vydáno: Praha : Euromedia Group, 2020
Vydání: Vydání první
Témata:
Fyzický popis: 567 stran ; 24 cm
Knihy
Uloženo v:
LEADER 02165cam a2200481 i 4500
001 nkc20203254606
003 CZ PrNK
005 20210205104811.0
007 ta
008 201201s2020 xr g 000 f cze d
015 |a cnb003254606 
020 |a 978-80-242-7020-3  |q (vázáno) 
035 |a (OCoLC)1237099122 
040 |a CBA001  |b cze  |d ABG001  |d ABA001  |e rda 
041 1 |a cze  |h eng 
072 7 |a 821.111-3  |x Anglická próza, anglicky psaná  |2 Konspekt  |9 25 
080 |a 821.111-31  |2 MRF 
080 |a (0:82-311.6)  |2 MRF 
100 1 |a Skelton, C. L.  |q (Clement Lister),  |d 1919-1979  |7 xx0254607  |4 aut 
240 1 0 |a Hardacre.  |l Česky 
245 1 0 |a Sága rodu Hardacrů /  |c C.L. Skelton ; přeložila Marie Macháčková 
250 |a Vydání první 
264 1 |a Praha :  |b Euromedia Group,  |c 2020 
300 |a 567 stran ;  |c 24 cm 
336 |a text  |b txt  |2 rdacontent 
337 |a bez média  |b n  |2 rdamedia 
338 |a svazek  |b nc  |2 rdacarrier 
500 |a "Vydala Euromedia Group, a.s. v edici Brána"--Tiráž 
500 |a Přeloženo z angličtiny 
520 2 |a Román anglického autora, v němž vypráví barvitý příběh rodiny Hardacrů od viktoriánských dob až do 50. let 20. století.  |b Zakladatel rodu Sam Hardacre je chudý dělník, živí se kucháním sleďů a se svou ženou Mary a syny Joem a Harrym objíždí přístavní města za prací. Když si zraní ruku a nemůže pracovat, dostane dobrý nápad, jak vydělávat, začíná se mu dařit, až si může splnit svůj sen - zakoupit luxusní usedlost a poskytnout synům vzdělání a naději na nový život. Nakladatelská anotace. Kráceno. 
655 7 |a anglické romány  |7 fd131814  |2 czenas 
655 7 |a historické romány  |7 fd132414  |2 czenas 
655 9 |a English fiction  |2 eczenas 
655 9 |a historical novels  |2 eczenas 
700 1 |a Macháčková, Marie  |7 xx0070447  |4 trl 
910 2 |a BOA001  |b 2-1456.616 
920 |a 4568633  |z ABG001 
928 9 |a Brána 
928 9 |a Euromedia Group - Brána 
990 |a BK 
995 |a 01 
991 |b 202101  |c NOV 
996 6 |b 2610848219  |c 2-1456.616  |l MZK  |r Sklad / do 1 hodiny  |n 4  |p p.v.  |w 001837788  |u 000010  |a 1  |e BOA001  |j MZK50  |s P